000 00754nam a22002057a 4500
005 20100812140818.0
010 _aENG-100043
020 _a9789380406169
_c95.00
035 _aEN-83575
037 _bDBAD/PUB
082 _a621.391
100 _aMahalakshmi, M.
_911782
245 _aMicroprocessor and microcontroller /
_cby M. Mahalakshmi
260 _aErode
_bPallavi Publications S. India
_c2009
270 _a194, Kanna Complex, Methur Road
_bErode
_e11
300 _a124p.:
_bill.
_c20cm (pbk)
650 _aMicroprocessor and microcontroller
_911783
942 _2ddc
_cEN
_h621.391
_mVAL
999 _c41364
_d41364